000 00516nam a22001817a 4500
005 20251108171922.0
008 250721s1999 xx 000 0 ara d
082 1 4 _aط/612.86/بقا
100 1 _aبقاعي، إيمان
245 1 0 _aالأنف :
_bأداة الشم /
264 1 _aبيروت :
_bدار النموذجية،
_c1999.
300 _a32ص
490 0 _aنحن و العلوم : حواسنا
650 1 7 _aالحواس الخمس
650 1 7 _aالأنف
942 _2ddc
_cBK
999 _c65911
_d65911